[Event "Negambo op 4th"]
[Site "Negambo"]
[Date "2018.08.17"]
[Round "3"]
[White "Dewsara, Thanuja"]
[Black "Athavan, RK1111"]
[Result "0-1"]
[WhiteElo "1191"]
[BlackElo "1901"]
[PlyCount "52"]
[EventDate "2018.08.16"]
[EventType "swiss"]
[EventRounds "10"]
[EventCountry "SRI"]
[SourceTitle "CBM 186 Extra"]
[Source "ChessBase"]
[SourceDate "2018.08.24"]
[SourceVersion "1"]
[SourceVersionDate "2018.08.24"]
[SourceQuality "1"]

1. d4 Nf6 2. Nf3 g6 3. Bf4 Bg7 4. c4 d6 5. Nc3 Nh5 6. Bg3 0-0 7. e4 Nd7 8. Be2 c6 9. 0-0 Nxg3 10. hxg3 e5 11. d5 cxd5 12. cxd5 f5 13. Nd2 Nf6 14. Rc1 Bh6 15. Bf3 Bd7 16. Qe2 b5 17. a3 a5 18. Rfd1 b4 19. Ncb1 fxe4 20. Bxe4 Nxe4 21. Qxe4 Qb6 22. Qe1 Qa7 23. Rc4 Rxf2 24. Kh1 Raf8 25. axb4 Bb5 26. Re4 Bd3 0-1